00328nam a2200145Ia 4500008004100000020001800041041000800059082001800067100001300085245001900098260002800117300000800145365001600153700001300169230718s9999 xx 000 0 und d a9789352976207 aeng a005.1'17bDAS aDas R.K. aJ2EE Made Easy c2014bVikas Publishing  a425 cRs.b295.00 aDas R.K.